معابد عشتار القديمة في آشور/ (Record no. 6565)
[ view plain ]
| 000 -LEADER | |
|---|---|
| fixed length control field | 00967nam a2200181Ia 4500 |
| 001 - CONTROL NUMBER | |
| control field | 6565 |
| 008 - FIXED-LENGTH DATA ELEMENTS--GENERAL INFORMATION | |
| fixed length control field | 260622s9999 xx 000 0 und d |
| 245 #0 - TITLE STATEMENT | |
| Title | معابد عشتار القديمة في آشور/ |
| Statement of responsibility, etc. | تأليف: فالتر أندريه، ترجمة: عبد الرزّاق كامل الحسن، مراجعة الترجمة: د. نوال خورشيد سعيد، المراجعة الأثرية: ميسر سعيد العراقي |
| 260 ## - PUBLICATION, DISTRIBUTION, ETC. | |
| Name of publisher, distributor, etc. | المؤسسة العامة للآثار و التراث، وزارة الثقافة و العلام، الجمهورية العراق؛ |
| 300 ## - PHYSICAL DESCRIPTION | |
| Extent | 215p; |
| Dimensions | 30x23cm |
| 520 ## - SUMMARY, ETC. | |
| Summary, etc. | Early Ishtar Temples in Ashur/ By Walter Andrae, Translated by Abdul Razzak K. Th. Al Hasan, Translation revision: Dr. Nawal Khurshid Saeed, Archaeological revision: Muyaser Sa'id Al Iraqi. |
| 546 ## - LANGUAGE NOTE | |
| Language note | Arabic |
| 648 ## - SUBJECT ADDED ENTRY--CHRONOLOGICAL TERM | |
| Chronological term | Ancient |
| 650 ## - SUBJECT ADDED ENTRY--TOPICAL TERM | |
| Topical term or geographic name entry element | CC1-960 Archaeology |
| 650 ## - SUBJECT ADDED ENTRY--TOPICAL TERM | |
| Topical term or geographic name entry element | Paganism |
| 9 (RLIN) | 9412 |
| 651 ## - SUBJECT ADDED ENTRY--GEOGRAPHIC NAME | |
| Geographic name | Iraq |
| 942 ## - ADDED ENTRY ELEMENTS (KOHA) | |
| Koha item type | Book |
| Withdrawn status | Lost status | Source of classification or shelving scheme | Damaged status | Not for loan | Collection | Home library | Current library | Date acquired | Total Checkouts | Full call number | Barcode | Date last seen | Price effective from | Koha item type |
|---|---|---|---|---|---|---|---|---|---|---|---|---|---|---|
| Library of Congress Classification | Archaeology- Biography | SAF Reference Library | SAF Reference Library | 06/22/2026 | CC1-960 98.642 | 6565 | 06/22/2026 | 06/22/2026 | Book |